=LDR 00000nam 2200000 4500 =001 INLIS000000000011788 =005 20130612103330 =008 ***********************************Ind** =035 ##$$0010-061300000011788 =041 ##$$a Ind =082 ##$$a 2x4.12 =090 ##$$a 2x4.12, Kan f =100 ##$$a Al-Kandhalawi Rah a., Maulana Muhammad zakaryya =245 ##$$a Fadhilah Shalat, Maulana Muhammad Zakariah.Al-komadholawi Rah a ; Penerjemah Maulana Nanang Ishaq M.A, Maulana Ahmad Syaifuddin, M.A =260 ##$$a 2003 $b Bandung =300 ##$$a ivi, 193 hlm; 15 cm =650 ##$$a Shalat =710 ##$$a Syefuddin, Maulana Ahmad =850 ##$$a NBPNMAT